'H' TV Shows by Cast Photo Quiz Stats

 Plays Quiz Updated Dec 4, 2016

Support Sporcle.
Go Orange.
Score 0/20 Timer 08:00
0 Plays Today
% Correct
How I Met Your Mother
96.7%
House, M.D.
93.9%
Home Improvement
85.2%
Happy Days
84.2%
Hannah Montana
80.9%
Hawaii Five-O
80.8%
House of Cards
75.8%
Heroes
75.6%
Hogan's Heroes
63.2%
How to Get Away with Murder
60.3%
% Correct
Hot in Cleveland
57.9%
Harry and the Hendersons
57.7%
The Honeymooners
54%
Hannibal
45.6%
Hill Street Blues
39.4%
Hart to Hart
37%
Hart of Dixie
27%
Hope and Faith
25.7%
Happy Endings
17.9%
Heartland
12.5%

You're not logged in!

Compare scores with friends on all Sporcle quizzes.
OR
Log In

From the Vault

Michael Jackson Albums

by Derek

Michael Jackson: August 29, 1958 – June 25, 2009.
Remove Ads.
Support Sporcle.
Get the best of Sporcle when you Go Orange. This ad-free experience offers more features, more stats, and more fun while also helping to support Sporcle. Thank you for becoming a member.

Show Comments

Extras

Top Quizzes Today


Score Distribution

Your Account Isn't Verified!

In order to create a playlist on Sporcle, you need to verify the email address you used during registration. Go to your Sporcle Settings to finish the process.

Report this User

Report this user for behavior that violates our Community Guidelines.

Details: